| 000 | 00705nam a2200217Ia 4500 | ||
|---|---|---|---|
| 003 | IN-BaIIA | ||
| 008 | 211028s9999 xx 000 0 eng d | ||
| 020 | _a0-8243-0940-5 | ||
| 040 | _cIIA Library | ||
| 080 |
_a(05)52 _bANN-40 |
||
| 245 | 0 |
_aAnnual review of astronomy and astrophysics _bvol. 40 _cedited by Geoffrey Burbidge, Allan Sandage and Frank H. Shu |
|
| 260 |
_aPalo Alto _bAnnual Reviews _c2002 |
||
| 300 | _aix, 721p. | ||
| 650 | _aAstronomy and astrophysics thesaurus | ||
| 650 |
_aAstronomy-Periodicals _94087 |
||
| 650 |
_aAstrophysics-Periodicals _94088 |
||
| 700 | _aBurbidge, Geoffrey, ed. | ||
| 700 |
_aSandage, A., ed. _917045 |
||
| 700 |
_aShu, F.H., ed. _923508 |
||
| 942 | _cBK | ||
| 999 |
_c14847 _d14847 |
||